Algebra lineal: para el curso MAT 213 algebra lineal
Saved in:
| Hovedforfatter: | |
|---|---|
| Andre forfattere: | |
| Format: | Bog |
| Sprog: | spansk |
| Udgivet: |
Valparaíso
Universidad Católica de Valparaíso. Instituto de Matemáticas
1990
|
| Fag: | |
| Tags: |
Tilføj Tag
Ingen Tags, Vær først til at tagge denne postø!
|
MARC
| LEADER | 00000nam a2200000 a 4500 | ||
|---|---|---|---|
| 001 | UCY8358 | ||
| 003 | CL-VaPUC | ||
| 008 | 950703e19900000CL |||||||||||||||||spa|d | ||
| 082 | 0 | 4 | |a 512.5 |b MOR |2 21 |
| 100 | |a Morras Oyanedel, Rodrigo |e autor |9 748271 | ||
| 700 | |a Johnson Herrera, Roberto |e autor |9 20 | ||
| 245 | 1 | 0 | |a Algebra lineal: para el curso MAT 213 algebra lineal |
| 300 | |a 274 p | ||
| 942 | |c BK | ||
| 945 | |d 19950703 00:00:00 |a awong | ||
| 260 | |a Valparaíso |b Universidad Católica de Valparaíso. Instituto de Matemáticas |c 1990 | ||
| 650 | 0 | |a Álgebra lineal |9 260445 | |
| 650 | 7 | |a MAT 213 |2 CL-VaPUC |9 339639 | |
| 583 | |a last modification |c 19950703 00:00:00 |k Rodrigo Vera | ||
| 999 | |c 235626 |d 235624 | ||
| 952 | |0 0 |1 0 |4 0 |6 512_500000000000000_MOR_1990 |7 0 |8 A |9 243162 |a BIBMEC |b BIBMEC |d 2019-11-18 |i 3236501 |o 512.5 MOR 1990 |p 3236501 |r 2024-01-19 |w 2019-11-18 |y BK |k MEC | ||